| 000 | 01314cam a22003014a 4500 | ||
|---|---|---|---|
| 999 |
_c447 _d447 |
||
| 001 | 15773791 | ||
| 003 | OSt | ||
| 005 | 20190815084812.0 | ||
| 008 | 090612s2010 nyua j b 001 0beng | ||
| 010 | _a 2009024219 | ||
| 020 | _a9781402763625 (pbk.) | ||
| 040 |
_aDLC _cDLC _dDLC |
||
| 043 | _an-us--- | ||
| 082 | 0 | 0 |
_a921 TEI _222 |
| 100 | 1 |
_aTeitelbaum, Michael. _eauthor |
|
| 245 | 1 | 0 |
_aJackie Robinson : _bchampion for equality / _cMichael Teitelbaum. |
| 260 |
_aNew York : _bSterling, _cc2010. |
||
| 300 |
_a124 p. : _bill. ; _c19 cm. |
||
| 490 | 0 | _aSterling biographies | |
| 504 | _aIncludes bibliographical references and index. | ||
| 505 | 0 | _aIntroduction : stealing home -- Humble beginnings -- A college star -- In the Army -- A fateful meeting -- The Montreal Royals -- The first season -- Most valuable player -- Champions at last -- Endings and beginnings -- Life after baseball -- The final years. | |
| 600 | 1 | 0 |
_aRobinson, Jackie, _d1919-1972 _vJuvenile literature. |
| 650 | 0 |
_aBaseball players _zUnited States _vBiography _vJuvenile literature. |
|
| 650 | 0 |
_aAfrican American baseball players _vBiography _vJuvenile literature. |
|
| 906 |
_a7 _bcbc _corignew _d1 _eecip _f20 _gy-gencatlg |
||
| 942 |
_2ddc _cNFIC |
||